000 00292nam a22001337a 4500
008 260210b ||||| |||| 00| 0 eng d
020 _a9788861826366
041 _aeng
080 _a50129
100 _a20
101 _aital
245 _aStorie Italiane
_cValeria Blasi
942 _2lcc
_cBK
999 _c60762
_d60762